[Event "33rd ECCC Open 2017"]
[Site "Antalya"]
[Date "2017.10.12"]
[Round "5"]
[White "Asadli, Vugar"]
[Black "Lagarde, Maxime"]
[Result "1/2-1/2"]
[WhiteElo "2448"]
[BlackElo "2594"]
[Annotator "TA"]
[PlyCount "92"]
[EventType "team-tourn"]
[EventCountry "TUR"]
[SourceTitle "playchess.com"]
[Source "ChessBase"]
[SourceQuality "1"]
[WhiteTeam "Genc"]
[BlackTeam "Nice Alekhine"]

{[%evp 19,92,10,18,12,0,9,8,19,46,47,48,44,45,65,63,52,80,82,102,106,105,99,105,101,109,100,104,92,113,91,75,67,70,68,87,108,166,134,128,116,159,79,450,0,0,0,0,29,24,-181,0,0,0,0,0,0,332,0,0,0,0,0,0,0,0,0,0,0,0,0,0,0,0,0,0]} 1. e4 c5 2. Nf3 Nc6 3. d4 cxd4 4. Nxd4 Nf6 5. Nc3 d6 6. Bg5 e6 7. Qd2 a6 8. O-O-O Bd7 9. f3 b5 10. h4 {B67: Sicilian: Richter-Rauzer: 7...a6 8 0-0-0 Bd7, lines without 9 f4 Be7} (10. Nxc6 Bxc6 11. Ne2 Bb7 12. Kb1 Be7 13. h4 O-O 14. g4 Rc8 15. Nd4 Nd7 16. Bxe7 Qxe7 17. Qe3 b4 18. g5 Nc5 {1-0 (32) Leko,P (2693)-Kozul,Z (2613) Tallinn 2016}) 10... h6 {LiveBook: 6 Games} 11. Nxc6 Bxc6 12. Bf4 $146 {[%cal Rf4d6]} ({Predecessor:} 12. Be3 Be7 13. Ne2 Rc8 14. Nd4 Bb7 15. Kb1 Nd7 16. g4 Ne5 17. Rc1 Bxh4 18. g5 Ng6 19. gxh6 gxh6 {1-0 (55) Corrales Jimenez,Z (2245)-Lucena,L (2206) Santiago de Cuba 2009}) 12... b4 13. Ne2 {[%cal Rf4d6,Bc3e2,Be2c1,Bc1d3][%mdl 32]} e5 14. Bh2 Qa5 15. Kb1 Bd7 16. Nc1 Be6 17. b3 (17. a3 $5) 17... h5 18. Nd3 Be7 19. Nxb4 Qb6 20. Bg1 Qb7 21. Nd5 Bxd5 22. exd5 O-O 23. Rh3 Rfc8 24. Rg3 g6 25. Bd3 Bf8 26. Be3 Bg7 27. Bh6 Kh7 (27... Rc7 $16 {was necessary.}) 28. Qg5 $18 {[%cal Rd3g6]} Bxh6 29. Qxf6 {[%cal Rd3g6] Intending Bxg6+! and mate.} Bg7 {[#]} 30. Qxd6 (30. Bxg6+ $142 $1 {[%mdl 512]} fxg6 31. Qxg6+ Kg8 32. Qxd6) 30... Kh8 $2 {[%mdl 8192] [#]} (30... Rd8 $16 {is tougher.} 31. Qc6 Qxc6 32. dxc6 Rac8) 31. Re1 $2 (31. Rxg6 $1 $18 {[%mdl 512]} fxg6 32. Qxg6) 31... Rd8 $11 32. Qc6 Qb4 33. Re4 $1 {[%cal Re4b4]} Qd2 34. Rg5 $2 {[#]} (34. Qb7 $11 Bh6 35. a4) 34... Rac8 $2 (34... a5 $1 $19 {[%cal Ra5a4] Hoping for ...a4!} 35. a4 Rac8) 35. Qb7 Rc3 {White must now prevent ...Rdc8.} ({Much worse is} 35... Qd1+ $6 36. Kb2 $16) 36. Qxf7 Rdc8 {[%cal Rc3c2,Bd8c8,Bc8c2,Bc2a2][%mdl 32]} 37. Rxg6 {[%csl Gg6][%cal Rf7g7]} (37. Qxg6 {is a self mate.} Qd1+ 38. Kb2 Rxc2+ 39. Bxc2 Rxc2+ 40. Ka3 Bf8+ 41. d6 Bxd6+ 42. Qxd6 Qxd6+ 43. Rb4 a5 44. Rxh5+ Kg7 45. Rg5+ Kf6 46. Rgg4 axb4+ 47. Ka4 Qc6+ 48. Ka5 Qc5+ 49. Ka6 Rxa2+ 50. Kb7 Ra7+ 51. Kb8 Qc7#) 37... Qd1+ 38. Kb2 {[%csl Gg6][%cal Rf7g7]} Rxc2+ {The position is equal.} 39. Bxc2 Rxc2+ 40. Ka3 {[%csl Gg6][%cal Rf7g7]} Qc1+ 41. Ka4 {[%csl Gg6][%cal Rf7g7]} Rxa2+ 42. Kb4 {[%csl Gg6][%cal Rf7g7]} Qa3+ 43. Kc3 {[%csl Gg6][%cal Rf7g7]} Qb2+ 44. Kb4 {[%csl Gg6][%cal Rf7g7]} Qa3+ 45. Kc3 {[%csl Gg6][%cal Rf7g7]} Qb2+ 46. Kb4 {[%csl Gg6][%cal Rf7g7]} Qa3+ {Precision: White = 64%, Black = 74%.} 1/2-1/2

[Event "33rd ECCC Open 2017"]
[Site "Antalya"]
[Date "2017.10.13"]
[Round "5"]
[White "Schoppen, Casper"]
[Black "Vitiugov, Nikita"]
[Result "1/2-1/2"]
[WhiteElo "2440"]
[BlackElo "2728"]
[Annotator "TA"]
[PlyCount "122"]
[EventType "team-tourn"]
[EventCountry "TUR"]
[SourceTitle "playchess.com"]
[Source "ChessBase"]
[SourceQuality "1"]
[WhiteTeam "Leiden"]
[BlackTeam "Mednyi Vsadnik"]

{[%evp 18,122,14,12,27,29,32,25,28,25,27,27,34,23,63,19,57,52,45,45,65,61,63,64,107,87,85,85,93,98,153,147,185,106,109,109,154,109,164,147,174,129,158,136,145,122,168,144,165,141,235,217,352,337,560,418,622,647,600,489,756,243,268,251,267,214,295,280,273,281,393,374,399,410,433,418,346,356,533,462,470,470,449,440,416,416,330,0,219,8,8,8,8,8,54,8,63,70,80,80,83,87,85,80,87,80,83]} 1. e4 g6 2. d4 Bg7 3. Nc3 d6 4. Nf3 Nf6 5. Bc4 O-O 6. O-O Nxe4 7. Nxe4 d5 8. Bd3 dxe4 9. Bxe4 Nd7 10. c3 {LiveBook: 15 Games} Nf6 {B08: Pirc Defence: Classical System} (10... c5 11. Re1 cxd4 12. Nxd4 Nc5 13. Bc2 Qc7 14. Bg5 Ne6 15. Nxe6 Bxe6 16. Bb3 Bxb3 17. Qxb3 e6 18. Rad1 h6 19. Be3 b6 20. Qa4 Rfd8 {½-½ (20) Rabiega,R (2501)-Fridman,D (2652) Germany 2011}) 11. Bc2 b6 12. Re1 Bb7 {White has an edge.} 13. Bg5 e6 14. Qe2 a5 $146 ({Predecessor:} 14... Qd6 15. Rad1 Rfe8 16. a3 a5 17. Ne5 Nd5 18. Ba4 {1-0 (39) Astasio Lopez,D (2315)-Diaz Rodriguez,J (2121) Palma de Mallorca 2009}) 15. Rad1 a4 16. c4 h6 {[#] Strongly threatening ...Bxf3.} 17. Bh4 Qd6 18. Ne5 Nd7 19. f4 Nxe5 20. fxe5 Qb4 21. Bd3 a3 22. b3 b5 23. Rc1 g5 (23... bxc4 $142 24. Rxc4 Qb5 25. Rxc7 Qb6) 24. Bf2 $16 bxc4 25. Rxc4 (25. bxc4 $18 Qe7 26. Bc2) 25... Qe7 26. Rec1 Rfc8 27. Be4 Bxe4 (27... Ba6 $16) 28. Qxe4 $18 Rab8 29. Qc2 Rb7 30. Rc6 Qd7 31. Qe4 Rb4 32. Be3 Rb6 33. R6c4 c6 (33... f6 $16 34. exf6 Bxf6) 34. h4 gxh4 (34... f6 $142 35. exf6 Bxf6 36. hxg5 hxg5) 35. Qxh4 Kh7 $2 (35... Qd8 {keeps fighting.} 36. Qh5 Qf8) 36. Qe4+ Kh8 (36... Kg8 $142 37. Ra4 Rbb8) 37. Rf1 Qe7 38. Qf3 Rb4 (38... Rf8 $142 39. Qh5 (39. Rxc6 Rxc6 40. Qxc6 Qb4 $18) 39... Kg8 40. Bxh6 f5) 39. Rxc6 $2 (39. Rxb4 Qxb4 40. Qh5) 39... Rxc6 40. Qxc6 Rb8 41. Qf3 Qh4 42. Qxf7 Qe4 43. Qf3 Qg6 44. Qh3 Kh7 45. Rc1 Rb7 46. Rc6 Re7 47. Kh2 Qb1 (47... Qe4 {might work better.}) 48. Rxe6 Rxe6 49. Qxe6 Qxa2 50. Qf5+ Kg8 51. Qc8+ Kh7 52. Qf5+ Kg8 $1 {[#]} 53. Qg6 $2 (53. Qd3 $1 $18 {And now e6 would win.} Qa1 54. e6) 53... Qxb3 $11 54. Bxh6 {[%csl Gh6][%cal Rg6g7]} Qb7 55. Bc1 Qe7 56. Qe4 {With the idea Qd5+.} a2 (56... Qa7 $1 $11) 57. Bb2 $1 $14 Qb4 58. Qd5+ {White is better.} Kh7 59. Qxa2 {Hoping for Qb1+.} Bxe5+ 60. Kh3 ({Much worse is} 60. dxe5 $6 Qh4+ 61. Kg1 Qe1+ 62. Kh2 Qh4+ 63. Kg1 Qe1+ 64. Kh2 Qh4+ $11) 60... Bg7 61. Qb1+ Kg8 {Precision: White = 57%, Black = 46%.} 1/2-1/2

[Event "33rd ECCC Open 2017"]
[Site "Antalya"]
[Date "2017.10.12"]
[Round "5"]
[White "Valeanu, Eduard-Andrei"]
[Black "Hamiti, Gani"]
[Result "1/2-1/2"]
[WhiteElo "2423"]
[BlackElo "2153"]
[Annotator "TA"]
[PlyCount "151"]
[EventType "team-tourn"]
[EventCountry "TUR"]
[SourceTitle "playchess.com"]
[Source "ChessBase"]
[SourceQuality "1"]
[WhiteTeam "Adare"]
[BlackTeam "Dardania"]

{[%evp 17,150,0,18,8,10,-15,-11,-7,-5,-43,-7,-24,-18,-23,-12,-14,0,0,0,0,0,0,4,1,23,5,22,14,31,31,64,75,71,36,36,36,36,36,38,31,50,49,62,62,62,62,62,63,63,63,63,63,64,63,63,4,63,0,64,64,70,0,72,4,78,57,88,88,88,88,88,82,79,0,0,0,0,0,0,0,12,12,12,8,72,72,114,114,118,118,118,62,62,0,0,0,0,0,62,62,62,0,0,0,8,8,8,8,8,8,6,5,7,0,0,0,8,8,8,8,8,8,8,59,62,62,62,62,62,62,62,62,62,62,62]} 1. Nf3 d5 2. c4 e6 3. b3 Nf6 4. Bb2 Be7 5. e3 O-O 6. Be2 c5 7. O-O Nc6 8. cxd5 Nxd5 9. Nc3 Bf6 {LiveBook: 11 Games. A13: English Opening: 1...e6} (9... b6 10. d4 Nxc3 11. Bxc3 Bf6 12. Rc1 cxd4 13. Nxd4 Nxd4 14. Bxd4 Bxd4 15. Qxd4 Qxd4 16. exd4 Bb7 17. Rc7 {½-½ (32) Topalov,V (2761)-Nakamura,H (2787) Paris 2016}) 10. Rc1 b6 11. Qc2 Bb7 {The position is equal.} 12. Rfd1 Rc8 13. a3 Qe7 (13... Nd4 $5 14. exd4 cxd4 $15) 14. Ne4 $146 ({Predecessor:} 14. Bd3 g6 15. Be4 Nxc3 16. Bxc3 Rfd8 17. Bxc6 Bxc6 18. Ne5 Bxe5 19. Bxe5 {½-½ (26) Chovanec,V (2083)-Puchart,V (2024) Slovakia 2008}) 14... Bxb2 15. Qxb2 Rfd8 16. d3 Nf6 (16... e5 {keeps more tension.} 17. Nc3 Nxc3 18. Qxc3 h5 19. Nd2 Nd4) 17. Nxf6+ Qxf6 18. Qxf6 gxf6 19. Nd2 Ba6 20. Nc4 Bxc4 21. Rxc4 a5 22. f4 Na7 23. d4 Nb5 24. Rc2 $1 Na7 25. dxc5 (25. Ba6 $5 {[%cal Ra6c8]} Rb8 26. Rcd2 $14) 25... Rxd1+ 26. Bxd1 Rxc5 27. Rxc5 bxc5 $16 {[%mdl 4096] Endgame KB-KN} 28. Kf2 Kf8 29. g4 h6 30. Be2 Nc8 31. Bd3 Nb6 32. a4 Nd5 33. Kf3 Ke7 34. Bc4 Nb6 35. Bb5 Nc8 36. Kg3 (36. Bd3 $14) 36... Nb6 (36... Nd6 $11 37. Bd3 f5) 37. Kf3 Nc8 $1 38. Bd3 Nb6 39. Bc4 (39. Ke2 $14) 39... Nc8 (39... Nxc4 $11 40. bxc4 f5) 40. Kg3 (40. e4 $16) 40... Nb6 (40... Nd6 $11) 41. e4 Nd7 42. Bb5 Nb6 43. Kh4 Kf8 44. Kh5 Kg7 45. Bc6 (45. Ba6 $16) 45... c4 $11 46. bxc4 Nxc4 47. Kh4 Kf8 48. Kg3 f5 49. exf5 exf5 50. g5 hxg5 (50... Kg7 $11 {remains equal.}) 51. fxg5 $16 f6 52. gxf6 Ne5 53. Bd5 {[#] aiming for Kf4.} Nd7 54. f7 (54. Kf4 $16 Nxf6 55. Bc6) 54... Nb6 $14 55. Be6 ({White should try} 55. Bb3 $14) 55... Nxa4 $11 56. Kf4 {Threatens to win with h4.} Nc5 57. Ba2 ({Don't go for} 57. Kxf5 $2 Nxe6 58. Ke4 (58. Kxe6 $2 a4 $19) 58... Kxf7 $19) 57... Nb7 ({Black should play} 57... Ne4 $11) 58. Kxf5 $14 Kg7 $1 59. f8=Q+ (59. Ke6 $1 $14 Nd8+ 60. Kd5) 59... Kxf8 $11 60. Kf6 Nd6 61. h4 Ne4+ 62. Kg6 {With the idea h5.} Ng3 63. Bb3 a4 64. Bxa4 {Hoping for Bb3.} Kg8 65. Bb5 Kh8 66. Bd3 Nf5 67. Kxf5 Kg7 68. Ke6 Kh8 69. Kf6 Kg8 70. Bg6 Kh8 {White is slightly better.} 71. Bf7 Kh7 72. Ke7 Kg7 73. Ke8 Kh8 74. Kf8 Kh7 75. Bc4 Kh8 76. Bd3 $2 {[%mdl 8192] Precision: White = 57%, Black = 47%.} (76. Bb3) 1/2-1/2

[Event "33rd ECCC Open 2017"]
[Site "Antalya"]
[Date "2017.10.12"]
[Round "5"]
[White "Kazakovskiy, Valeriy"]
[Black "Petenyi, Tamas"]
[Result "1/2-1/2"]
[WhiteElo "2420"]
[BlackElo "2449"]
[Annotator "TA"]
[PlyCount "101"]
[EventType "team-tourn"]
[EventCountry "TUR"]
[SourceTitle "playchess.com"]
[Source "ChessBase"]
[SourceQuality "1"]
[WhiteTeam "MAKABI"]
[BlackTeam "Dunajska Streda"]

{[%evp 18,101,17,10,39,31,60,10,30,22,17,0,0,0,0,0,0,0,0,0,0,-22,-17,-10,0,0,0,0,0,1,-3,-8,25,23,74,65,72,72,76,76,79,64,73,34,39,16,16,16,16,19,19,22,22,22,27,26,25,5,5,0,4,0,4,0,0,0,4,0,7,0,4,0,0,0,6,0,0,0,0,0,0,0,0,0,0,0]} 1. d4 Nf6 2. Nf3 g6 3. c4 Bg7 4. g3 O-O 5. Bg2 d6 6. O-O c5 7. dxc5 dxc5 8. Ne5 Nfd7 9. Nxd7 {E60: King's Indian: Unusual lines and Fianchetto Variation without Nc3} (9. Nd3 Na6 10. Qb3 Qb6 11. Nc3 e6 12. Be3 Bd4 13. Bxd4 cxd4 14. Qxb6 Nxb6 15. Nb5 Nxc4 16. Rfc1 Nb6 17. Nxd4 {0-1 (84) Hammer,J (2630)-Jobava,B (2701) chess.com INT 2017}) 9... Nxd7 10. Qb3 {LiveBook: 5 Games} Nb6 11. Rd1 {White is slightly better.} Qe8 12. Nc3 Be6 13. Nd5 Bxd5 14. cxd5 c4 15. Qc2 $1 Qa4 $1 {[%cal Ra4c2]} 16. Rd2 $1 Rac8 {Threatens to win with ...c3.} 17. Qxa4 Nxa4 18. Rc2 $146 b5 19. Bg5 Rfe8 20. Rb1 a5 21. Bh3 Rcd8 22. Bg2 c3 {[%cal Ra4b2]} 23. b4 $36 {[%mdl 2048] White has some pressure.} Nb2 24. bxa5 b4 25. Be3 {Hoping for Bc5.} Nc4 (25... Rd6 $11 {remains equal.}) 26. Rxb4 $16 Nxe3 27. fxe3 Rd6 28. Be4 Ra8 29. Rb5 Bf6 30. Rc5 Rda6 31. d6 (31. a4 {is more complex.} Rxa5 32. Rxa5 Rxa5 33. Ra2 Be5 34. Bd3) 31... exd6 32. R5xc3 Bxc3 33. Bxa8 Rxa8 34. Rxc3 {And now Ra3 would win.} Rxa5 $11 {[%mdl 4096] Endgame KR-KR} 35. a3 Kg7 36. Kf2 Kf6 37. Kf3 Ke5 {The position is equal.} 38. e4 Ra4 39. Rd3 h6 40. Rd5+ Ke6 41. Rd3 Ke5 42. Rb3 Ke6 43. e3 Ke5 44. Rb5+ Ke6 45. Rb3 Ke5 46. Ke2 Ke6 47. Kd3 Ke5 48. Rb5+ Ke6 49. Rb3 Ke5 50. Rc3 Ra8 51. Rb3 {Precision: White = 53%, Black = 72%.} 1/2-1/2

[Event "33rd ECCC Open 2017"]
[Site "Antalya"]
[Date "2017.10.12"]
[Round "5"]
[White "Nikolovski, Nikola"]
[Black "Erdos, Viktor"]
[Result "0-1"]
[WhiteElo "2420"]
[BlackElo "2624"]
[Annotator "TA"]
[PlyCount "58"]
[EventType "team-tourn"]
[EventCountry "TUR"]
[SourceTitle "playchess.com"]
[Source "ChessBase"]
[SourceQuality "1"]
[WhiteTeam "Asseco See"]
[BlackTeam "Baia Mare"]

{[%evp 11,58,14,17,15,25,3,3,0,0,0,0,0,0,0,0,0,0,-50,-49,-60,-52,-64,-64,-64,-64,-64,-64,-65,-66,-102,-27,-49,-50,-122,-104,-112,-110,-116,-110,-364,-354,-462,-445,-610,-606,-584,-575,-969,-963]} 1. e4 e5 2. Nf3 Nc6 3. d4 exd4 4. Nxd4 Qf6 5. Nxc6 Bc5 6. Qf3 dxc6 7. Nc3 {C45: Scotch Game} Be6 8. Bd3 (8. Qg3 O-O-O 9. Be3 Bxe3 10. Qxe3 Kb8 11. f4 Qe7 12. Bd3 Nh6 13. O-O-O f6 14. g3 Nf7 {½-½ (29) Nepomniachtchi,I (2766)-Carlsen,M (2851) Leuven 2017}) 8... O-O-O 9. Qg3 {The position is equal.} Qg6 10. Bf4 Qxg3 11. Bxg3 Nf6 $146 {[%cal Bg8f6,Bf6g4,Bg4e5,Be5c4,Bc4e3][%mdl 32]} ({Predecessor:} 11... Kb8 12. f3 Ne7 13. Bf2 Bd6 14. g3 Rhe8 {½-½ (34) Moisa,L (2181)-Uifelean,A (2243) ICCF email 2011}) 12. Bh4 Bd4 13. O-O-O Ng4 14. Rdf1 f6 $36 {[%mdl 2048] Black has some pressure.} 15. Ne2 {[%cal Bc3e2,Be2c1,Bc1b3][%mdl 32]} Bc5 16. Kb1 h5 17. h3 {[#] Nf4 is the strong threat.} Ne5 18. Nc1 Nc4 19. Nb3 Bb6 20. f4 Rhg8 ({Black should play} 20... Ne3 $17 21. Rf3 Nxg2) 21. f5 Bf7 22. g4 ({Better is} 22. Bxc4 $15 Bxc4 23. Re1) 22... hxg4 $17 23. hxg4 Ne3 {Hoping for ...c5.} 24. Rfg1 Rh8 {aiming for ...Nxc2!} 25. e5 $2 {[%mdl 8192] [#]} (25. Bf2 $17) 25... Bd5 $1 $19 {[%cal Rd5h1]} 26. Rh3 Ng2 {Black is clearly winning.} 27. Rgh1 Nxh4 28. R1h2 Bg1 29. Rxh4 Bxh2 {Precision: White = 36%, Black = 75%.} 0-1

[Event "33rd ECCC Open 2017"]
[Site "Antalya"]
[Date "2017.10.12"]
[Round "5"]
[White "Brynell, Stellan"]
[Black "Sukovic, Andrej"]
[Result "1-0"]
[WhiteElo "2415"]
[BlackElo "2214"]
[Annotator "TA"]
[PlyCount "77"]
[EventType "team-tourn"]
[EventCountry "TUR"]
[SourceTitle "playchess.com"]
[Source "ChessBase"]
[SourceQuality "1"]
[WhiteTeam "Nordkalotten"]
[BlackTeam "Elektroprivreda"]

{[%evp 19,77,20,43,45,36,41,57,50,71,61,71,64,84,85,70,76,97,86,88,89,122,127,161,123,163,127,112,112,122,29,145,66,70,21,20,0,318,299,630,596,608,602,817,795,1236,1014,1118,697,1098,1089,5043,967,909,876,5052,5052,5043,5043,29995,966]} 1. d4 Nf6 2. Nf3 g6 3. c4 Bg7 4. g3 O-O 5. Bg2 d6 6. O-O Nc6 7. Nc3 a6 8. b3 Rb8 9. d5 Na5 {E63: King's Indian: Fianchetto: Panno Variation with 7...a6} 10. Bg5 (10. Bd2 c5 11. dxc6 Nxc6 12. Rc1 Bf5 13. Ne1 Qd7 14. Nd5 Bh3 15. Bc3 Nxd5 16. cxd5 Ne5 17. f4 Bxg2 18. Nxg2 Ng4 19. Bxg7 Kxg7 20. Qd4+ {½-½ (20) Shankland,S (2638)-Nakamura,H (2816) Baku 2015}) 10... h6 {LiveBook: 3 Games} 11. Be3 c5 {White is slightly better.} 12. dxc6 $1 Nxc6 13. Rc1 {[#]} Be6 $146 ({Predecessor:} 13... Bf5 14. Nd5 Kh7 15. Nh4 Be6 16. Qd2 Re8 17. Bb6 {1-0 (44) Bok,B (2592)-Jones,G (2635) Baku 2016}) 14. Nd5 Bxd5 15. cxd5 Ne5 16. Nxe5 dxe5 17. Qd2 Kh7 18. Bc5 e4 19. Rfd1 {aiming for d6.} Qd7 20. Qf4 h5 {Black wants to play ...Bh6.} 21. Qe5 Qg4 22. f3 Qd7 23. Qxe7 Qb5 {[#]} 24. fxe4 (24. Bf1 $1 $16) 24... Qxe2 (24... Rbc8 $1 $11) 25. Re1 (25. Rf1 $16 Ng4 26. Kh1 (26. Rxf7 Rxf7 27. Qxf7 Rc8 $15)) 25... Qxa2 $14 26. e5 Ng4 27. h3 Nxe5 $2 {[%mdl 8192] [#]} (27... Rfe8 $11 28. Qxf7 Nxe5 29. Rxe5 Rxe5) 28. Rxe5 $18 Rbe8 $2 (28... Qxb3 29. Ree1 Rbe8) 29. Qxe8 Rxe8 30. Rxe8 Qb2 31. Rf1 Qc3 32. b4 b6 33. Bxb6 Qxb4 34. Be3 h4 35. gxh4 f5 36. Bf4 Qa4 37. Re7 Kg8 38. d6 Bf8 39. Bd5+ {Precision: White = 44%, Black = 19%.} 1-0

[Event "33rd ECCC Open 2017"]
[Site "Antalya"]
[Date "2017.10.12"]
[Round "5"]
[White "Mihajlov, Sebastian"]
[Black "Kvisvik, Brede"]
[Result "1-0"]
[WhiteElo "2393"]
[BlackElo "2296"]
[Annotator "NA"]
[PlyCount "91"]
[EventType "team-tourn"]
[EventCountry "TUR"]
[SourceTitle "playchess.com"]
[Source "ChessBase"]
[SourceQuality "1"]
[WhiteTeam "Oslo"]
[BlackTeam "Valerenga"]
[TimeControl "40/5400+30:1800+30"]

1. d4 {[%emt 0:00:30]} d5 {[%emt 0:01:00]} 2. Nf3 {[%emt 0:00:30]} Nf6 {[%emt 0:00:30]} 3. e3 {[%emt 0:00:30]} c5 {[%emt 0:00:30]} 4. Bd3 {[%emt 0:00:30]} Nc6 {[%emt 0:00:30]} 5. O-O {[%emt 0:00:30]} g6 {[%emt 0:01:30]} 6. b3 {[%emt 0:02:30]} cxd4 {[%emt 0:00:30]} 7. exd4 {[%emt 0:00:30]} Bg7 {[%emt 0:00:30]} 8. Bb2 {[%emt 0:01:30]} O-O {[%emt 0:00:00]} 9. Nbd2 {[%emt 0:00:30] A48: 1 d4 Nf6 2 Nf3 g6: Torre, London and Colle Systems} (9. Re1 Bg4 10. h3 Bxf3 11. Qxf3 Ne4 12. c3 f5 13. Qe2 e5 14. f3 exd4 15. fxe4 fxe4 16. Bb5 Qb6 {0-1 (24) Palm,N (2332)-Edouard,R (2679) Helsingor 2014}) 9... Nb4 {[%emt 0:01:00]} 10. Be2 {[%emt 0:05:30]} Bf5 {[%emt 0:00:30]} 11. Ne1 {[%emt 0:05:30]} a5 $146 {[%emt 0:15:30]} ({Predecessor:} 11... Rc8 12. c3 Nc6 13. Bd3 Bg4 14. Be2 Bxe2 15. Qxe2 {0-1 (27) Rojas Keim,L (2397)-Cruz,C (2500) Mollet del Valles 2011}) 12. c3 {[%emt 0:02:30]} Nc6 {[%emt 0:01:30]} 13. Nc2 {[%emt 0:00:30]} Bd7 {[%emt 0:06:30]} 14. a4 {[%emt 0:04:30]} Na7 {[%emt 0:00:30]} 15. Bd3 {[%emt 0:07:30]} Re8 {[%emt 0:04:30]} 16. Re1 {[%emt 0:10:30]} Qc7 {[%emt 0:03:30]} 17. Ne3 {[%emt 0:11:30]} Nc6 {[%emt 0:03:30]} 18. Nf3 {[%emt 0:04:30]} Rad8 {[%emt 0:01:30]} 19. Bb5 {[%emt 0:03:30]} e6 {[%emt 0:07:30]} 20. Rc1 {[%emt 0:01:30]} Qb8 {[%emt 0:02:30]} 21. g3 {[%emt 0:07:30]} Ne7 {[%emt 0:00:30]} 22. Qd3 {[%emt 0:01:30]} Ne4 {[%emt 0:03:30]} 23. c4 {[%emt 0:05:30]} Nd6 {[%emt 0:05:30]} 24. c5 {[%emt 0:02:30]} Ne4 {[%emt 0:01:30]} 25. Ne5 {[%emt 0:05:43]} Bc6 {[%emt 0:03:30]} 26. f3 {[%emt 0:01:40]} Nf6 {[%emt 0:00:00]} 27. Bc3 {[%emt 0:00:41]} Qa7 {[%emt 0:00:00]} 28. Qd2 {[%emt 0:00:35]} Ra8 {[%emt 0:00:30]} 29. N3g4 {[%emt 0:00:21]} Nxg4 $14 {[%emt 0:01:30]} 30. fxg4 {[%emt 0:00:29]} Bxe5 {[%emt 0:13:30]} 31. Rxe5 {[%emt 0:00:30]} b6 {[%emt 0:00:30]} 32. Qf4 {[%emt 0:03:57]} Rac8 {[%emt 0:02:30]} 33. Qf6 {[%emt 0:03:31]} Kf8 {[%emt 0:04:52]} 34. Rxe6 {[%emt 0:00:05]} Ng8 {[%emt 0:00:00]} 35. Rxe8+ {[%emt 0:00:00]} Bxe8 {[%emt 0:00:00]} 36. Qxb6 {[%emt 0:00:00]} Qe7 {[%emt 0:00:00]} 37. Re1 {[%emt 0:00:00]} Qg5 {[%emt 0:00:00]} 38. Qd6+ {[%emt 0:00:00]} Kg7 {[%emt 0:00:00]} 39. Bxe8 {[%emt 0:00:00]} Nf6 {[%emt 0:00:00]} 40. Bb5 {[%emt 0:00:00]} Ne4 {[%emt 0:08:08]} 41. Rxe4 {[%emt 0:02:58]} dxe4 {[%emt 0:00:30]} 42. Qf4 {[%emt 0:00:30]} Qe7 {[%emt 0:00:30]} 43. d5+ {[%emt 0:00:30]} Kg8 {[%emt 0:00:30]} 44. d6 {[%emt 0:00:30]} Qa7 {[%emt 0:00:00]} 45. Qe5 {[%emt 0:00:30]} Rxc5 {[%emt 0:01:00]} 46. Qh8# {[%emt 0:00:30]} 1-0